[Event "BL 0708 Erfurter SK - SK Zehlendorf"]
[Site "?"]
[Date "2008.03.08"]
[Round "10.1"]
[White "Maksimenko, Andrei"]
[Black "Kraemer, Martin"]
[Result "1-0"]
[WhiteElo "2505"]
[BlackElo "2436"]
[PlyCount "139"]
[EventDate "2008.??.??"]

1. e4 c5 2. Nf3 d6 3. d4 cxd4 4. Nxd4 Nf6 5. Nc3 a6 6. Be3 e6 7. g4 h6 8. f3 b5
9. Qd2 Bb7 10. O-O-O Nbd7 11. h4 b4 12. Na4 Qa5 13. b3 Nc5 14. a3 Nxa4 15. axb4
Qc7 16. bxa4 d5 17. e5 Nd7 18. f4 Nb6 19. Rh3 Rc8 20. Bf2 Qd7 21. Nb3 Nc4 22.
Qc3 Qxa4 23. Nc5 Bxc5 24. Bxc5 a5 25. Bxc4 dxc4 26. Qb2 axb4 27. Bxb4 Bd5 28.
Ra3 c3 29. Rxc3 Kd7 30. Ra3 Qc6 31. Bd6 Qb7 32. Qxb7+ Bxb7 33. Rd4 Ra8 34. Bf8+
Kc7 35. Bd6+ Kd7 36. Bf8+ Kc7 37. Rxa8 Bxa8 38. Bxg7 Rg8 39. Bxh6 Rxg4 40. Bg5
Rg1+ 41. Kb2 Bf3 42. Kb3 Bh5 43. Bd8+ Kb7 44. Kb4 Rd1 45. Rd6 Kc8 46. Bg5 Kc7
47. Kc5 Rc1 48. c4 Be2 49. Rd4 Rc3 50. Bd8+ Kc8 51. Ba5 Rc1 52. Kc6 Bf3+ 53.
Kc5 Be2 54. Kd6 Bxc4 55. Ke7 Ba2 56. Kxf7 Rh1 57. Bd8 Kb7 58. Rd6 Kc8 59. Bg5
Kc7 60. Kf6 Rh3 61. Rxe6 Kd7 62. Re7+ Kc6 63. e6 Rh1 64. Ra7 Bd5 65. f5 Kb6 66.
Ra3 Kc6 67. Ra5 Bc4 68. Ke7 Rh3 69. f6 Rh2 70. Re5 1-0

[Event "BL 0708 Erfurter SK - SK Zehlendorf"]
[Site "?"]
[Date "2008.03.08"]
[Round "10.4"]
[White "Kuczynski, Robert"]
[Black "Prohaszka, Peter"]
[Result "1/2-1/2"]
[WhiteElo "2483"]
[BlackElo "2470"]
[PlyCount "38"]
[EventDate "2008.??.??"]

1. e4 c6 2. d4 d5 3. Nd2 dxe4 4. Nxe4 Bf5 5. Ng3 Bg6 6. N1e2 Nf6 7. Nf4 e5 8.
Nxg6 hxg6 9. dxe5 Qa5+ 10. Bd2 Qxe5+ 11. Qe2 Qxe2+ 12. Bxe2 Bc5 13. O-O Nbd7
14. Bf3 O-O-O 15. Rae1 Nf8 16. Bc3 Ne6 17. Ne4 Bd4 18. Bxd4 Nxd4 19. Bd1 Nxe4
1/2-1/2

[Event "BL 0708 Erfurter SK - SK Zehlendorf"]
[Site "?"]
[Date "2008.03.08"]
[Round "10.5"]
[White "Meister, Jakov"]
[Black "Machelett, Heiko"]
[Result "1/2-1/2"]
[WhiteElo "2491"]
[BlackElo "2430"]
[PlyCount "88"]
[EventDate "2008.??.??"]

1. e4 e6 2. d4 d5 3. Nc3 Bb4 4. e5 c5 5. Qg4 Ne7 6. dxc5 Nbc6 7. Bd2 O-O 8. Bd3
f5 9. exf6 Rxf6 10. Qh4 h6 11. g4 Bxc5 12. O-O-O Ne5 13. Be3 Nxd3+ 14. Rxd3
Bxe3+ 15. fxe3 Rf1+ 16. Rd1 Qf8 17. Nh3 Rxh1 18. Rxh1 Qf3 19. Re1 Ng6 20. Qh5
Bd7 21. Qxg6 Qxh3 22. Qd3 Qxg4 23. Ne2 Rf8 24. Nf4 Qf5 25. Qd4 Rc8 26. c3 Bc6
27. Nd3 Be8 28. Ne5 Qf2 29. Qd2 Qf5 30. Qd4 Qf2 31. Qd2 Qxd2+ 32. Kxd2 Bb5 33.
e4 Rf8 34. Ke3 dxe4 35. c4 Rf5 36. Kxe4 Bc6+ 37. Kd4 Rf2 38. Nxc6 bxc6 39. b4
Kf7 40. a4 Rxh2 41. Kc5 Rb2 42. b5 cxb5 43. axb5 g5 44. Ra1 g4 1/2-1/2

[Event "BL 0708 Erfurter SK - SK Zehlendorf"]
[Site "?"]
[Date "2008.03.08"]
[Round "10.6"]
[White "Mueller, Matthias"]
[Black "Berger, Steve"]
[Result "0-1"]
[WhiteElo "2405"]
[BlackElo "2410"]
[PlyCount "88"]
[EventDate "2008.??.??"]

1. e4 e6 2. d4 d5 3. Nc3 Bb4 4. e5 c5 5. a3 Bxc3+ 6. bxc3 Ne7 7. Nf3 Bd7 8. a4
Qa5 9. Bd2 Nbc6 10. Be2 c4 11. O-O f6 12. exf6 gxf6 13. Re1 O-O-O 14. Bf1 Nf5
15. g3 h5 16. Bh3 Nce7 17. Rb1 h4 18. g4 Rdg8 19. Kf1 Nd6 20. g5 f5 21. Ne5 Ng6
22. Qe2 Be8 23. Rb4 Ne4 24. f3 Nxe5 25. fxe4 Bh5 26. Qe3 Nf3 27. exf5 Nxg5 28.
Bg2 h3 29. Bh1 Rf8 30. Qxg5 Rxf5+ 31. Qxf5 exf5 32. Re5 Rd8 33. Bf4 b6 34. Bg5
Rd7 35. Re3 f4 36. Rxh3 Rh7 37. Kf2 Bg6 38. Rxh7 Bxh7 39. Bxf4 Bxc2 40. h4 Bxa4
41. Bf3 Bd7 42. Bd2 Qa2 43. Ke3 Qc2 44. Be1 b5 0-1

[Event "BL 0708 Erfurter SK - SK Zehlendorf"]
[Site "?"]
[Date "2008.03.08"]
[Round "10.7"]
[White "Orzech, Dominik"]
[Black "Enders, Peter"]
[Result "1/2-1/2"]
[WhiteElo "2483"]
[BlackElo "2441"]
[PlyCount "56"]
[EventDate "2008.??.??"]

1. Nf3 Nf6 2. c4 g6 3. g3 Bg7 4. Bg2 O-O 5. d4 d6 6. O-O Nbd7 7. Nc3 e5 8. e4
c6 9. h3 Qb6 10. Re1 exd4 11. Nxd4 Ng4 12. Nce2 Nge5 13. b3 Nc5 14. Be3 a5 15.
Rb1 Bd7 16. Qc2 Qc7 17. Rbd1 f6 18. f4 Nf7 19. Nc3 Rae8 20. Bf2 Re7 21. Re2
Rfe8 22. Red2 f5 23. e5 dxe5 24. Ndb5 cxb5 25. Nd5 Qc8 26. Nb6 Qc7 27. Nd5 Qc8
28. Nb6 Qc7 1/2-1/2

[Event "BL 0708 Erfurter SK - SK Zehlendorf"]
[Site "?"]
[Date "2008.03.08"]
[Round "10.8"]
[White "Casper, Thomas"]
[Black "Brener, Ilia"]
[Result "1-0"]
[WhiteElo "2421"]
[BlackElo "2382"]
[PlyCount "53"]
[EventDate "2008.??.??"]

1. e4 e5 2. Bc4 Nf6 3. d3 Nc6 4. h3 Na5 5. Bb3 Nxb3 6. axb3 d5 7. Qf3 Bb4+ 8.
Bd2 Bxd2+ 9. Nxd2 O-O 10. Ne2 Re8 11. Ng3 c6 12. O-O dxe4 13. Ndxe4 Nd5 14.
Rfe1 Be6 15. Rad1 Qc7 16. d4 exd4 17. Rxd4 c5 18. Rdd1 h6 19. Nh5 Rad8 20. c4
Ne7 21. Nef6+ gxf6 22. Qxf6 Nf5 23. g4 Rxd1 24. Rxd1 Kh7 25. gxf5 Rg8+ 26. Kf1
Qh2 27. Qg7+ 1-0

[Event "BL 0708 SC Eppingen - OSC Baden Baden"]
[Site "?"]
[Date "2008.03.08"]
[Round "10.2"]
[White "Berkes, Ferenc"]
[Black "Bacrot, Etienne"]
[Result "1/2-1/2"]
[WhiteElo "2606"]
[BlackElo "2695"]
[PlyCount "49"]
[EventDate "2008.??.??"]

1. d4 d5 2. c4 c6 3. Nf3 Nf6 4. Nc3 a6 5. c5 Nbd7 6. Bf4 Nh5 7. Bd2 Nhf6 8. Rc1
g6 9. h3 Qc7 10. g3 Bg7 11. Bf4 Qd8 12. Bg2 O-O 13. O-O Nh5 14. Bd2 f5 15. Qb3
e5 16. Ng5 exd4 17. Nxd5 cxd5 18. Ne6 Qe7 19. Nxf8 Nxf8 20. Bxd5+ Kh8 21. Bb4
Qe5 22. c6 bxc6 23. Rxc6 Bd7 24. Bd6 Qe8 25. Rfc1 1/2-1/2

[Event "BL 0708 SC Eppingen - OSC Baden Baden"]
[Site "?"]
[Date "2008.03.08"]
[Round "10.6"]
[White "Acs, Peter"]
[Black "Naiditsch, Arkadij"]
[Result "0-1"]
[WhiteElo "2548"]
[BlackElo "2639"]
[PlyCount "146"]
[EventDate "2008.??.??"]

1. e4 e5 2. Nf3 Nc6 3. Bb5 Nf6 4. O-O Nxe4 5. d4 Nd6 6. Bxc6 dxc6 7. dxe5 Nf5
8. Qxd8+ Kxd8 9. Nc3 Ne7 10. Rd1+ Ke8 11. h3 h6 12. a3 Ng6 13. Be3 Be7 14. Rd2
Be6 15. Re1 Rd8 16. Rxd8+ Kxd8 17. Nd4 Bd7 18. f4 h5 19. Ne4 Nh4 20. Bf2 Ng6
21. Be3 c5 22. Nf3 b6 23. Bd2 Bf5 24. Ng3 Bxc2 25. f5 Nh4 26. Ng5 Rf8 27. Rf1
Bd3 28. Rf2 c4 29. N3e4 Kd7 30. g4 f6 31. Bb4 fxg5 32. Bxe7 Kxe7 33. Nxg5 a5
34. Ne6 Rg8 35. Nxg7 Bxf5 36. Nxf5+ Nxf5 37. Rxf5 hxg4 38. hxg4 Rxg4+ 39. Kf2
Ke6 40. Rh5 Re4 41. Rh7 Kxe5 42. Rxc7 Kd5 43. Rc8 Re5 44. Kf3 Re1 45. Rh8 Kd4
46. Rd8+ Kc5 47. Rd2 Kb5 48. Rc2 Re8 49. Kf4 Kc5 50. Rh2 Re6 51. Rh5+ Kc6 52.
Kf3 Re1 53. Rh6+ Kb5 54. a4+ Kc5 55. Rh5+ Kd4 56. Rh4+ Kd3 57. Rh6 Rf1+ 58. Kg3
Ra1 59. Rxb6 Rxa4 60. b3 Rb4 61. Rd6+ Kc3 62. bxc4 a4 63. c5 Rc4 64. Ra6 Kb4
65. Kf3 Rxc5 66. Ke2 Rd5 67. Rb6+ Ka5 68. Rb8 a3 69. Ra8+ Kb4 70. Ra7 Kb3 71.
Rb7+ Ka4 72. Ra7+ Ra5 73. Rd7 a2 0-1

[Event "BL 0708 SC Eppingen - OSC Baden Baden"]
[Site "?"]
[Date "2008.03.08"]
[Round "10.8"]
[White "Medvegy, Zoltan"]
[Black "Doettling, Fabian"]
[Result "1/2-1/2"]
[WhiteElo "2512"]
[BlackElo "2541"]
[PlyCount "35"]
[EventDate "2008.??.??"]

1. d4 d5 2. c4 e6 3. Nf3 Nf6 4. g3 Bb4+ 5. Bd2 Be7 6. Bg2 O-O 7. O-O c6 8. Qb3
Nbd7 9. Bb4 b6 10. cxd5 cxd5 11. Nc3 Bxb4 12. Qxb4 a5 13. Qb3 Ba6 14. Rfc1 Qe7
15. Nb5 Rac8 16. a4 Ne4 17. Ne1 Nd2 18. Qd1 1/2-1/2

[Event "BL 0708 TV Tegernsee - SG Turm Trier"]
[Site "?"]
[Date "2008.03.08"]
[Round "10.2"]
[White "Khenkin, Igor"]
[Black "Flumbort, Andras"]
[Result "1/2-1/2"]
[WhiteElo "2600"]
[BlackElo "2499"]
[PlyCount "61"]
[EventDate "2008.??.??"]

1. d4 d5 2. Nf3 Nf6 3. c4 c6 4. Qb3 dxc4 5. Qxc4 Bf5 6. g3 e6 7. Bg2 Nbd7 8.
O-O Be7 9. Nc3 O-O 10. Re1 Ne4 11. Qb3 Qb6 12. Nh4 Bxh4 13. gxh4 Nxc3 14. Qxc3
Bg6 15. Bf4 Qd8 16. Qb3 Nb6 17. Qg3 Nd5 18. Bd6 Ne7 19. e4 f5 20. Be5 fxe4 21.
h5 Nf5 22. Qg4 Nh6 23. Qxe6+ Bf7 24. Qh3 Qg5 25. Rxe4 Bxh5 26. f4 Qg4 27. Re3
Qxh3 28. Bxh3 Rae8 29. Rb3 Rf7 30. Rc1 Bg4 31. Bg2 1/2-1/2

[Event "BL 0708 TV Tegernsee - SG Turm Trier"]
[Site "?"]
[Date "2008.03.08"]
[Round "10.6"]
[White "Boensch, Uwe"]
[Black "Galyas, Miklos"]
[Result "1/2-1/2"]
[WhiteElo "2530"]
[BlackElo "2433"]
[PlyCount "52"]
[EventDate "2008.??.??"]

1. d4 Nf6 2. c4 g6 3. Nc3 Bg7 4. e4 d6 5. Be2 O-O 6. Bg5 Na6 7. f4 c6 8. Nf3
Nc7 9. Bh4 d5 10. cxd5 cxd5 11. e5 Ne4 12. Qb3 Be6 13. O-O f6 14. Rad1 Bh6 15.
Bg3 Kh8 16. Bd3 Qd7 17. Qc2 f5 18. Rc1 Rfc8 19. Qb3 Rab8 20. Rc2 Na8 21. Rfc1
Nb6 22. Nb5 Rxc2 23. Rxc2 Nc4 24. a4 a6 25. Na3 Rc8 26. Qb4 a5 1/2-1/2

[Event "BL 0708 TV Tegernsee - SG Turm Trier"]
[Site "?"]
[Date "2008.03.08"]
[Round "10.7"]
[White "Seger, Ruediger"]
[Black "Kindermann, Stefan"]
[Result "1/2-1/2"]
[WhiteElo "2395"]
[BlackElo "2528"]
[PlyCount "76"]
[EventDate "2008.??.??"]

1. e4 e6 2. d4 d5 3. Nd2 Nf6 4. e5 Nfd7 5. c3 c5 6. Bd3 Nc6 7. Ne2 a5 8. O-O a4
9. a3 cxd4 10. cxd4 Nb6 11. Nf3 Bd7 12. Nf4 g6 13. h4 Na5 14. Bc2 Bb5 15. Re1
Rc8 16. Ne2 Be7 17. Nc3 Bc6 18. Nxa4 Nxa4 19. Bxa4 Bxh4 20. Nxh4 Qxh4 21. Bc2
Bd7 22. b3 Nc6 23. Be3 f5 24. exf6 Qxf6 25. Qd2 O-O 26. Rad1 Rf7 27. Bb1 Qe7
28. b4 Na7 29. Bg5 Qf8 30. Bh6 Qd8 31. Bd3 Qf6 32. Bg5 Qg7 33. Bf1 Re8 34. Bh6
Qf6 35. Bg5 Qg7 36. Bh6 Qf6 37. Bg5 Qg7 38. Bh6 Qf6 1/2-1/2

[Event "BL 0708 TV Tegernsee - SG Turm Trier"]
[Site "?"]
[Date "2008.03.08"]
[Round "10.8"]
[White "Gross, David"]
[Black "Cioara, Andrei Nestor"]
[Result "0-1"]
[WhiteElo "2491"]
[BlackElo "2428"]
[PlyCount "80"]
[EventDate "2008.??.??"]

1. e4 c6 2. d4 d5 3. Nc3 g6 4. h3 Bg7 5. Nf3 Nh6 6. Bd3 f6 7. O-O Nf7 8. Re1
O-O 9. a4 e5 10. dxe5 fxe5 11. b3 Be6 12. Ba3 Re8 13. Bf1 Nd7 14. exd5 cxd5 15.
Nxd5 e4 16. Nf4 Bf5 17. Nd4 Qg5 18. Nfe6 Rxe6 19. Nxf5 Qxf5 20. Qxd7 Rd8 21.
Qb5 Bxa1 22. Qxf5 gxf5 23. Rxa1 Ne5 24. Bc5 Rc6 25. Bxa7 Rxc2 26. b4 Ra8 27.
Bb6 Nd3 28. b5 Rb2 29. a5 Rxb5 30. Rd1 Rb3 31. g4 fxg4 32. Bg2 Re8 33. hxg4 Kf7
34. Ra1 Rb4 35. Be3 Ne5 36. g5 Nf3+ 37. Bxf3 exf3 38. a6 Rg4+ 39. Kf1 Rh4 40.
Kg1 Ree4 0-1

[Event "BL 0708 SV Mülheim Nord - SC Remagen"]
[Site "?"]
[Date "2008.03.08"]
[Round "10.2"]
[White "Fridman, Daniel"]
[Black "Avrukh, Boris"]
[Result "1/2-1/2"]
[WhiteElo "2621"]
[BlackElo "2641"]
[PlyCount "38"]
[EventDate "2008.??.??"]

1. d4 Nf6 2. c4 g6 3. g3 c6 4. Bg2 d5 5. cxd5 cxd5 6. Nc3 Bg7 7. Nh3 Bxh3 8.
Bxh3 Nc6 9. O-O O-O 10. e3 e6 11. Bg2 Nd7 12. b3 a6 13. Ba3 Re8 14. Rc1 Rc8 15.
Qd2 Qa5 16. Bd6 Na7 17. Nb1 Qxd2 18. Nxd2 Nb5 19. Bb4 Bf8 1/2-1/2

[Event "BL 0708 SV Mülheim Nord - SC Remagen"]
[Site "?"]
[Date "2008.03.08"]
[Round "10.6"]
[White "Berelovich, Alexander"]
[Black "Popovic, Petar"]
[Result "1-0"]
[WhiteElo "2595"]
[BlackElo "2474"]
[PlyCount "79"]
[EventDate "2008.??.??"]

1. e4 c5 2. Nf3 d6 3. d4 cxd4 4. Nxd4 Nf6 5. Nc3 a6 6. g3 e5 7. Nb3 Nbd7 8. a4
b6 9. Bg2 Bb7 10. O-O Be7 11. Re1 O-O 12. Nd2 Rc8 13. Nf1 Nc5 14. Bg5 Ne6 15.
Bxf6 Bxf6 16. Ne3 g6 17. Ncd5 Bg5 18. c3 Nc5 19. Qc2 Bxe3 20. Nxe3 b5 21. axb5
axb5 22. Red1 Qb6 23. b4 Ne6 24. Qd2 Rfd8 25. Ra5 h5 26. Qd3 Nc7 27. Rda1 Bc6
28. h4 Bd7 29. R1a3 Be6 30. Qd2 Kg7 31. Ra7 Ra8 32. Rxa8 Rxa8 33. Rxa8 Nxa8 34.
Nf5+ gxf5 35. Qg5+ Kf8 36. exf5 Bc4 37. Bxa8 d5 38. f6 Qe6 39. Bb7 Qg4 40. Qxe5
1-0

[Event "BL 0708 SV Mülheim Nord - SC Remagen"]
[Site "?"]
[Date "2008.03.08"]
[Round "10.7"]
[White "Mainka, Romuald"]
[Black "Levin, Felix"]
[Result "0-1"]
[WhiteElo "2496"]
[BlackElo "2552"]
[PlyCount "76"]
[EventDate "2008.??.??"]

1. f4 d5 2. Nf3 Bg4 3. e3 Nd7 4. Be2 c6 5. O-O Ngf6 6. Nc3 Qc7 7. d4 e6 8. a3
Bxf3 9. Bxf3 g6 10. Ne2 Bg7 11. Bd2 Ne4 12. Bxe4 dxe4 13. Ng3 f5 14. Qe2 O-O
15. b4 b6 16. Qc4 Rfe8 17. a4 c5 18. b5 Rac8 19. d5 Bxa1 20. dxe6 Nf6 21. e7+
Kg7 22. Rxa1 Qxe7 23. Bc3 Qe6 24. Qe2 Kf7 25. Nf1 Nd5 26. Be5 c4 27. c3 Nf6 28.
Bd4 Red8 29. a5 Rxd4 30. exd4 Nd5 31. axb6 axb6 32. Ra7+ Kg8 33. Qa2 e3 34. Qe2
Qe4 35. Ng3 Qxf4 36. Ra3 h5 37. Nf1 Qe4 38. h3 Nf4 0-1

[Event "BL 0708 SV Mülheim Nord - SC Remagen"]
[Site "?"]
[Date "2008.03.08"]
[Round "10.8"]
[White "Schebler, Gerhard"]
[Black "Swinkels, Robin"]
[Result "1/2-1/2"]
[WhiteElo "2458"]
[BlackElo "2433"]
[PlyCount "51"]
[EventDate "2008.??.??"]

1. Nf3 Nf6 2. g3 g6 3. b3 Bg7 4. Bb2 O-O 5. Bg2 c5 6. O-O Nc6 7. c4 d6 8. d4
Ne4 9. a3 Bf5 10. e3 Qc8 11. Ra2 Bg4 12. Qd3 Bf5 13. Qe2 Bg4 14. Nbd2 Ng5 15.
Qd3 Nxf3+ 16. Nxf3 Rd8 17. Bc3 Rb8 18. Rc1 Bxf3 19. Bxf3 cxd4 20. exd4 e5 21.
d5 Nd4 22. Bxd4 exd4 23. Rac2 b6 24. Re1 Qa6 25. a4 Re8 26. Rce2 1/2-1/2

[Event "BL 0708 SF Katernberg - Godesberger SK"]
[Site "?"]
[Date "2008.03.08"]
[Round "10.2"]
[White "L'Ami, Erwin"]
[Black "Lutz, Christopher"]
[Result "1/2-1/2"]
[WhiteElo "2577"]
[BlackElo "2588"]
[PlyCount "75"]
[EventDate "2008.??.??"]

1. d4 Nf6 2. c4 e6 3. Nc3 Bb4 4. Qc2 O-O 5. a3 Bxc3+ 6. Qxc3 b6 7. Bg5 Bb7 8.
f3 h6 9. Bh4 d5 10. e3 Nbd7 11. cxd5 Nxd5 12. Bxd8 Nxc3 13. Bh4 Nd5 14. Bf2 c5
15. e4 Ne7 16. Ne2 f5 17. exf5 exf5 18. dxc5 Nxc5 19. Bxc5 bxc5 20. Nf4 Rfd8
21. Bc4+ Kh7 22. Ne6 Rd6 23. Nxc5 Bd5 24. Bxd5 Rxd5 25. Na4 Rb8 26. Rb1 Rd4 27.
Nc3 Nd5 28. Nxd5 Rxd5 29. O-O Rdb5 30. Rf2 Rb3 31. Rc1 Rxb2 32. Rxb2 Rxb2 33.
Rc7 a6 34. Rc6 Rb1+ 35. Kf2 Rb2+ 36. Kg3 f4+ 37. Kh3 Rb5 38. Rxa6 1/2-1/2

[Event "BL 0708 SF Katernberg - Godesberger SK"]
[Site "?"]
[Date "2008.03.08"]
[Round "10.3"]
[White "Sprenger, Jan-Michael"]
[Black "Postny, Evgeny"]
[Result "0-1"]
[WhiteElo "2536"]
[BlackElo "2599"]
[PlyCount "116"]
[EventDate "2008.??.??"]

1. e4 e5 2. Nf3 Nc6 3. Bb5 a6 4. Ba4 Nf6 5. O-O Be7 6. Re1 b5 7. Bb3 d6 8. c3
O-O 9. h3 Na5 10. Bc2 c5 11. d4 Qc7 12. Nbd2 cxd4 13. cxd4 Rd8 14. d5 Bd7 15.
Nf1 Rdc8 16. Bd3 Nb7 17. Ng3 Nc5 18. Bf1 Bd8 19. b3 Qa7 20. Be3 Bb6 21. Rc1 a5
22. Nd2 Na6 23. a3 g6 24. Rc2 Ne8 25. Bxb6 Qxb6 26. Re3 Rxc2 27. Qxc2 Qc5 28.
Qb2 Rc8 29. a4 Qc1 30. Qxc1 Rxc1 31. Ne2 Rc2 32. axb5 Bxb5 33. Nb1 Rb2 34. Na3
Bxe2 35. Bxe2 Nc5 36. Bc4 Nc7 37. f3 Ra2 38. Nb1 Ra1 39. Re1 Na8 40. Kf1 Nb6
41. Nc3 Rxe1+ 42. Kxe1 Kf8 43. Kd2 f5 44. Kc2 fxe4 45. Nxe4 Ke7 46. Nd2 Ncd7
47. Nf1 Nf6 48. Ne3 e4 49. fxe4 Nxe4 50. Kd3 Nc5+ 51. Kd4 Kf6 52. h4 Nbd7 53.
g3 Ne5 54. Kc3 Ne4+ 55. Kb2 Nxg3 56. Ka3 Nf5 57. Ng2 Nxc4+ 58. bxc4 Ke5 0-1

[Event "BL 0708 SF Katernberg - Godesberger SK"]
[Site "?"]
[Date "2008.03.08"]
[Round "10.4"]
[White "Chuchelov, Vladimir"]
[Black "Likavsky, Tomas"]
[Result "1-0"]
[WhiteElo "2544"]
[BlackElo "2496"]
[PlyCount "139"]
[EventDate "2008.??.??"]

1. Nf3 d6 2. d4 g6 3. c4 Bg7 4. e4 e5 5. Bg5 Ne7 6. dxe5 dxe5 7. Qxd8+ Kxd8 8.
Nc3 f6 9. O-O-O+ Bd7 10. Be3 c6 11. g4 Kc7 12. Rg1 g5 13. h4 h6 14. h5 Nc8 15.
Nd2 Be6 16. a3 Bf8 17. Kc2 Nd7 18. b4 a5 19. Rb1 Be7 20. Be2 axb4 21. axb4 Ncb6
22. c5 Na4 23. Bc4 Bxc4 24. Nxc4 Nxc3 25. Kxc3 Ra2 26. Rgd1 Rd8 27. Rd3 Raa8
28. Rbd1 Nf8 29. Rxd8 Rxd8 30. Ra1 Nd7 31. f3 Re8 32. Bf2 Bf8 33. Ne3 Nb8 34.
Nf5 Rd8 35. Be3 Na6 36. Kc4 Kb8 37. Rb1 Nc7 38. Rb3 Nb5 39. Rd3 Rxd3 40. Kxd3
Kc8 41. Kc4 Kc7 42. Bc1 Kb8 43. Bb2 Kc7 44. Ne3 Na7 45. Kb3 Kc8 46. Ka4 Kc7 47.
Ka5 Kb8 48. Nc4 Kc7 49. Na3 Be7 50. Bc1 Bd8 51. Be3 Kd7+ 52. Ka4 Be7 53. Bf2
Kc7 54. Bg1 Bf8 55. Be3 Be7 56. Bf2 Bf8 57. b5 Nxb5 58. Nxb5+ cxb5+ 59. Kxb5
Be7 60. Be1 Kb8 61. Ba5 Kc8 62. c6 bxc6+ 63. Kxc6 Bf8 64. Bb6 Ba3 65. Bc7 Be7
66. Bd6 Kd8 67. Bxe7+ Kxe7 68. Kc7 Ke6 69. Kd8 Kf7 70. Kd7 1-0

[Event "BL 0708 SF Katernberg - Godesberger SK"]
[Site "?"]
[Date "2008.03.08"]
[Round "10.5"]
[White "Breder, Dennis"]
[Black "Firman, Nazar"]
[Result "0-1"]
[WhiteElo "2428"]
[BlackElo "2526"]
[PlyCount "100"]
[EventDate "2008.??.??"]

1. e4 g6 2. d4 Bg7 3. Nf3 d6 4. Be2 Nf6 5. Nc3 O-O 6. O-O a6 7. a4 b6 8. e5 Ne8
9. Bf4 Nc6 10. Qc1 Bb7 11. Rd1 Qc8 12. Nd5 e6 13. Ne3 Nxd4 14. Rxd4 Bxf3 15.
Bxf3 dxe5 16. Bxe5 Bxe5 17. Rd3 Rb8 18. Nc4 Bg7 19. Bc6 b5 20. axb5 axb5 21.
Na5 Nd6 22. Bf3 Rb6 23. Nc6 Qd7 24. Nd4 c5 25. Ne2 Qc7 26. Ra2 Nc4 27. Rd1 Rd6
28. Rxd6 Qxd6 29. Ng3 Nd2 30. Be2 c4 31. Qd1 Rd8 32. Nf1 Nf3+ 33. gxf3 Qxd1 34.
Bxd1 Rxd1 35. Ra8+ Bf8 36. Rb8 Rd5 37. Ne3 Rg5+ 38. Kf1 Kg7 39. Rb7 Bd6 40. h3
Rh5 41. Kg2 Bf4 42. Nd1 Bd2 43. Ne3 Rg5+ 44. Kf1 Bxe3 45. fxe3 Rg3 46. Rxb5
Rxf3+ 47. Ke2 Rxh3 48. Kd2 h5 49. Rc5 Rh4 50. Kc3 Re4 0-1

[Event "BL 0708 SF Katernberg - Godesberger SK"]
[Site "?"]
[Date "2008.03.08"]
[Round "10.6"]
[White "Senff, Martin"]
[Black "Jackelen, Thomas"]
[Result "1/2-1/2"]
[WhiteElo "2474"]
[BlackElo "2437"]
[PlyCount "42"]
[EventDate "2008.??.??"]

1. e4 e6 2. d4 d5 3. Nc3 Nf6 4. Bg5 dxe4 5. Nxe4 Nbd7 6. Nf3 h6 7. Nxf6+ Nxf6
8. Bh4 c5 9. Bd3 cxd4 10. Nxd4 Be7 11. O-O O-O 12. Re1 Qb6 13. c3 Qxb2 14. Nb5
Rd8 15. Re2 Qxb5 16. Bxb5 Rxd1+ 17. Rxd1 g5 18. Bg3 a6 19. Bc4 Bd7 20. Bb3 Bc6
21. f3 Kf8 1/2-1/2

[Event "BL 0708 SF Katernberg - Godesberger SK"]
[Site "?"]
[Date "2008.03.08"]
[Round "10.7"]
[White "Seul, Georg"]
[Black "Ris, Robert"]
[Result "0-1"]
[WhiteElo "2450"]
[BlackElo "2381"]
[PlyCount "108"]
[EventDate "2008.??.??"]

1. e4 e5 2. Nf3 Nc6 3. Bb5 a6 4. Bxc6 dxc6 5. O-O Bd6 6. d4 exd4 7. Qxd4 f6 8.
Nbd2 Be6 9. Nc4 Bxc4 10. Qxc4 Qd7 11. Be3 Qf7 12. Nd2 Qxc4 13. Nxc4 O-O-O 14.
Rad1 Ne7 15. Rd3 Ng6 16. Rfd1 Rhe8 17. f3 Ne5 18. Nxe5 Rxe5 19. Bf4 Bc5+ 20.
Kf1 Rxd3 21. Rxd3 Re6 22. h4 h5 23. Bg3 Bd6 24. Bf2 b5 25. b3 Re8 26. Rd1 Kd7
27. c4 Ke6 28. c5 Be7 29. Ke2 f5 30. Bg3 Bxc5 31. Bxc7 fxe4 32. fxe4 Be7 33. g3
Rc8 34. Bf4 g6 35. Rd4 Rd8 36. Rxd8 Bxd8 37. Kd3 Bf6 38. Be3 Be5 39. Bf2 c5 40.
Be1 Kd6 41. Bf2 Ke6 42. Be1 Kf6 43. Bf2 g5 44. hxg5+ Kxg5 45. Bxc5 Bxg3 46.
Be7+ Kg4 47. Kd4 h4 48. Bxh4 Bxh4 49. b4 Be7 50. a3 Kf4 51. Kd5 Bf8 52. Kc6
Kxe4 53. Kb6 Kd5 54. Kxa6 Kc6 0-1

[Event "BL 0708 SF Katernberg - Godesberger SK"]
[Site "?"]
[Date "2008.03.08"]
[Round "10.8"]
[White "Souleidis, Georgios"]
[Black "Dranov, Alexander"]
[Result "1/2-1/2"]
[WhiteElo "2421"]
[BlackElo "2439"]
[PlyCount "94"]
[EventDate "2008.??.??"]

1. e4 c5 2. Nf3 d6 3. d4 cxd4 4. Qxd4 Nc6 5. Bb5 Bg4 6. c4 Bxf3 7. gxf3 Nf6 8.
Bg5 Nd7 9. Bxc6 bxc6 10. Rg1 Ne5 11. Qc3 Qb6 12. f4 h6 13. Bh4 Qd4 14. fxe5
Qxe4+ 15. Qe3 Qxh4 16. Nd2 dxe5 17. Qc5 Rc8 18. Qxa7 g6 19. Qa6 Qh3 20. Rg3 Qe6
21. Ne4 Rd8 22. Rd1 Rxd1+ 23. Kxd1 f5 24. Nd2 Bg7 25. c5 Kf7 26. Qc4 Qxc4 27.
Nxc4 e4 28. b4 Rd8+ 29. Ke2 Rd4 30. Rc3 e3 31. b5 cxb5 32. c6 Rd8 33. c7 Rf8
34. Nd6+ exd6 35. c8=Q Rxc8 36. Rxc8 exf2 37. Rc7+ Kf8 38. Rb7 Bd4 39. Rxb5 Ke7
40. a4 Kd7 41. a5 Kc6 42. Rb1 g5 43. a6 Bb6 44. Ra1 Ba7 45. Rb1 Bb6 46. Ra1 Ba7
47. Rb1 Bb6 1/2-1/2

[Event "BL 0708 Hamburger SK - Solinger SG"]
[Site "?"]
[Date "2008.03.08"]
[Round "10.1"]
[White "Stellwagen, Daniel"]
[Black "Gustafsson, Jan"]
[Result "0-1"]
[WhiteElo "2639"]
[BlackElo "2606"]
[PlyCount "70"]
[EventDate "2008.??.??"]

{H-H} 1. e4 e5 2. Nf3 Nc6 3. Bb5 a6 4. Ba4 Nf6 5. O-O Be7 6. Re1 b5 7. Bb3 O-O
8. c3 d5 9. exd5 Nxd5 10. Nxe5 Nxe5 11. Rxe5 c6 12. d3 Bd6 13. Re1 Bf5 14. Qf3
Re8 15. Rxe8+ Qxe8 16. Nd2 Qe1+ 17. Nf1 Bg6 18. g3 b4 19. c4 Nf6 20. Bd1 Re8
21. Bd2 Qe5 22. Qxc6 Bf8 23. Bb3 Bxd3 24. c5 Be4 25. Qxa6 Qf5 26. Qe2 Bc6 27.
Ne3 Qe4 28. f3 Qd4 29. Rc1 Bxc5 30. Rc4 Qe5 31. Rxc5 Qxc5 32. Qc4 Qxc4 33. Nxc4
Bxf3 34. Bxb4 Re2 35. Nd2 Bb7 0-1

[Event "BL 0708 Hamburger SK - Solinger SG"]
[Site "?"]
[Date "2008.03.08"]
[Round "10.4"]
[White "Mueller, Karsten Dr"]
[Black "Naumann, Alexander"]
[Result "1-0"]
[WhiteElo "2515"]
[BlackElo "2548"]
[PlyCount "121"]
[EventDate "2008.??.??"]

{H-H} 1. e4 c6 2. Nf3 d5 3. exd5 cxd5 4. Ne5 Nc6 5. d4 Nf6 6. Bb5 Bd7 7. Nxd7
Qxd7 8. c3 e6 9. Nd2 Bd6 10. O-O Qc7 11. g3 O-O 12. f4 a6 13. Bd3 b5 14. a3 Qb6
15. Nf3 a5 16. Qe2 b4 17. a4 Qc7 18. Ne5 Rab8 19. Ra2 Ne7 20. Bd2 Qb7 21. Re1
bxc3 22. bxc3 Qc7 23. Qf3 Rb3 24. g4 Rfb8 25. g5 Bxe5 26. fxe5 Ne4 27. Bxe4
dxe4 28. Qxe4 Nd5 29. Rc2 Qc4 30. Rf1 Rb1 31. Be1 Qxa4 32. Rcf2 R1b7 33. Rf3 g6
34. Rh3 Qc4 35. Qh4 h5 36. gxh6 Kh7 37. Rhf3 Rf8 38. Qe4 f5 39. exf6 Rbf7 40.
Qxe6 a4 41. Bg3 a3 42. Bd6 Qc6 43. c4 Nc7 44. Qe5 Re8 45. Qc5 Qe4 46. Rxa3 Ne6
47. Qd5 Qxd4+ 48. Kh1 Rxf6 49. Qxd4 Rxf1+ 50. Qg1 Rxg1+ 51. Kxg1 Rc8 52. Re3
Nd4 53. Bf4 Nf5 54. Re4 g5 55. Bxg5 Nd6 56. Re7+ Kg6 57. Rg7+ Kf5 58. c5 Ne4
59. Be3 Nf6 60. Bd4 Nh5 61. h7 1-0